Pays avec le plus haut taux de criminalité - Statistiques

Statistiques générales
  • Ce quiz a été pris 1 001 fois
  • Le résultat moyen est 14 sur 30
Statistiques - réponses
Pays Criminal Index % Correct
Mexique 7.57
89%
Brésil 6.77
87%
Colombie 7.75
83%
Russie 6.87
78%
Venezuela 6.72
68%
Irak 7.13
63%
République Démocratique du Congo 7.35
63%
Iran 7.03
61%
Afghanistan 7.10
58%
Syrie 7.07
58%
Afrique du Sud 7.18
54%
Equateur 7.07
46%
Turquie 7.03
46%
Nigéria 7.28
45%
Honduras 7.05
44%
Guatemala 6.60
40%
Panama 6.98
40%
Yemen 6.57
39%
Indonésie 6.85
38%
Libye 6.93
38%
Liban 7.10
37%
Paraguay 7.52
32%
Philippines 6.63
28%
Vietnam 6.55
28%
Kenya 7.02
24%
Myanmar 8.15
21%
Cambodge 6.85
19%
Népal 6.57
17%
République Centrafricaine 6.75
17%
Ouganda 6.55
15%
Aucun quiz correspondant
Distribution des résultats
% des personnes avec chaque résultat
Percentile par nombre de réponses
Votre historique - résultats
Vous n’avez pas pris ce quiz